01034nam a22002417a 45000010005000000030006000050050017000110080041000280200018000690400029000870500015001160820012001311000017001432450076001602600037002364900032002735050008003055200374003135210020006875210020007076500033007277000032007609210FISKH20251202113018.0251202b cb ||||| |||| 00| 0 eng d a9781407104317 aFISKHbengcFISKHdFISKH aDA557 .D43 a941.081 aDeary, Terry aVillainous victorians /cBy Terry Deary : Illustrated by Martin Brown  aLondon : bScholastic , c2008.  aHorrible Stories vOriginal aT  aReaders can discover all the foul facts about the VILLAINOUS VICTORIANS, including Why burglars were scared of bogies, which poet said he ate an ape and how a snick fadger might kiddy-nap your spangle. With a bold, accessible new look and a heap of extra-horrible bits, these bestselling titles are sure to be a huge hit with yet another generation of Terry Deary fans.8 a810 bLexile 8 aT bRaz-Plus  aBritish historyvNon-fiction aBrown, MartineIllustrator